Attractions of Malaysia by Pictures - Statistics

General Stats
  • This quiz has been taken 41 times
  • The average score is 9 of 15
Answer Stats
Picture Hint Answer % Correct
Petronas Twin Towers
94%
{Cameron} Highlands
89%
Legoland Malaysia Resort
89%
Batu Caves
86%
Chinatown {Petaling} Street
77%
Kuala Lumpur Tower
74%
Island Langkawi
74%
Hill Station {Genting} Highlands
71%
Mount {Kinabalu}
71%
{Merdeka} Square
66%
Entertainment District Bukit Bintang
54%
{Niah} National Park
37%
{Jamek} Mosque
23%
{Kek Lok Si} Temple
14%
{Gunung Mulu} National Park
11%
No matching quizzes found
Score Distribution
Percent of People with Each Score
Percentile by Number Answered
Your Score History
You have not taken this quiz